|
|
|
|
| LEADER |
00000caa a22000002c 4500 |
| 001 |
1641669357 |
| 003 |
DE-627 |
| 005 |
20220616112832.0 |
| 007 |
tu |
| 008 |
160405s1984 xx ||||| 00| ||eng c |
| 035 |
|
|
|a (DE-627)1641669357
|
| 035 |
|
|
|a (DE-576)463254104
|
| 035 |
|
|
|a (DE-599)BSZ463254104
|
| 040 |
|
|
|a DE-627
|b ger
|c DE-627
|e rakwb
|
| 041 |
|
|
|a eng
|
| 084 |
|
|
|a 1
|2 ssgn
|
| 100 |
1 |
|
|0 (DE-588)1147182957
|0 (DE-627)1008542253
|0 (DE-576)421114703
|4 aut
|a Eagan, Joseph F.
|d 1922-
|
| 109 |
|
|
|a Eagan, Joseph F. 1922-
|
| 245 |
1 |
0 |
|a Ordained ministry in BEM
|b a theological critique
|
| 264 |
|
1 |
|c 1984
|
| 336 |
|
|
|a Text
|b txt
|2 rdacontent
|
| 337 |
|
|
|a ohne Hilfsmittel zu benutzen
|b n
|2 rdamedia
|
| 338 |
|
|
|a Band
|b nc
|2 rdacarrier
|
| 601 |
|
|
|a Theologe
|
| 689 |
0 |
0 |
|d s
|0 (DE-588)4129562-6
|0 (DE-627)105708976
|0 (DE-576)209611588
|2 gnd
|a Ordination
|
| 689 |
0 |
1 |
|d u
|0 (DE-588)4126023-5
|0 (DE-627)105735531
|0 (DE-576)209581573
|a Lima-Erklärung
|2 gnd
|
| 689 |
0 |
|
|5 (DE-627)
|
| 773 |
0 |
8 |
|i In
|t The ecumenical review
|d Oxford : Wiley, 1948
|g 36(1984), 3, Seite 263-277
|w (DE-627)129085324
|w (DE-600)4471-4
|w (DE-576)014419122
|x 0013-0796
|7 nnas
|
| 773 |
1 |
8 |
|g volume:36
|g year:1984
|g number:3
|g pages:263-277
|
| 776 |
|
|
|i Erscheint auch als
|n elektronische Ausgabe
|w (DE-627)1937254887
|k Electronic
|
| 935 |
|
|
|a mteo
|
| 951 |
|
|
|a AR
|
| ELC |
|
|
|b 1
|
| ITA |
|
|
|a 1
|t 1
|
| LOK |
|
|
|0 000 xxxxxcx a22 zn 4500
|
| LOK |
|
|
|0 001 3304813187
|
| LOK |
|
|
|0 003 DE-627
|
| LOK |
|
|
|0 004 1641669357
|
| LOK |
|
|
|0 005 20160405095128
|
| LOK |
|
|
|0 008 160404||||||||||||||||ger|||||||
|
| LOK |
|
|
|0 040
|a DE-Tue135
|c DE-627
|d DE-Tue135
|
| LOK |
|
|
|0 092
|o n
|
| LOK |
|
|
|0 852
|a DE-Tue135
|
| LOK |
|
|
|0 852 1
|9 00
|
| LOK |
|
|
|0 935
|a ixzs
|a ixmi
|
| LOK |
|
|
|0 939
|a 04-04-16
|b l01
|
| ORI |
|
|
|a SA-MARC-ixtheoa001.raw
|
| STA |
0 |
0 |
|a Lima document,Baptism, Eucharist and Ministry,BEM,Ordination
|
| STB |
0 |
0 |
|a Ordre <sacrement>,Ordination,Ordination
|
| STC |
0 |
0 |
|a Ordenación
|
| STD |
0 |
0 |
|a Ordinazione
|
| STE |
0 |
0 |
|a 按立
|
| STF |
0 |
0 |
|a 按立
|
| STG |
0 |
0 |
|a Ordenação
|
| STH |
0 |
0 |
|a Рукоположение,Посвящение в сан
|
| STI |
0 |
0 |
|a Χειροτονία
|
| SYG |
0 |
0 |
|a Konvergenz-Erklärung über das Verständnis von Taufe, Eucharistie und Amt,Ökumenischer Rat der Kirchen,Konvergenzerklärungen über Taufe, Eucharistie und Amt,Taufe, Eucharistie und Amt,Lima-Papier,Lima-Dokument
|